Strategický manažment. Prípadové štúdie

Bibliographic Details
Main Author: Slávik, Štefan, 1955- (Author)
Format: Book
Language:Slovak
PhysicalDescription:199 s. sch., tab. 29 cm
Published: V Bratislave Ekonóm 1997
ISBN:8022508934
Subjects:

MARC

LEADER 00000nam a2200000 a 4500
001 vtls001313560
003 SK-MaSNL
005 20260301191502.0
008 240509s1997 xo ap r yy slo
015 |a SNBA1998/04-01231 
020 |a 8022508934  |c 60,00 Sk 
035 |a SNK000265984 
035 |a urn:nbn:sk:snk-amyhu4 
035 |a urn:nbn:sk:snk-am00ckm4 
035 |a B81B2211-0E8F-43CA-95E0-0DDDCC0DB6E2 
040 |a SNK  |b slo  |c SNK  |e AACR2 
041 0 |a slo 
044 |a xo  |c SK 
080 |a 65.012.4(075.8)  |2 1981 
245 0 |a Strategický manažment. Prípadové štúdie  |c Štefan Slávik a kolektív 
260 |a V Bratislave  |b Ekonóm  |c 1997 
300 |a 199 s.  |b sch., tab.  |c 29 cm 
504 |a Bibliogr. s. 198-190 
650 0 7 |a podniky  |x manažment  |2 SNK  |9 568144 
650 0 7 |a manažment  |x podniky  |2 SNK  |9 568145 
655 7 |a Textbooks (higher)  |2 SNKPHeng  |9 276436 
655 7 |a učebnice vysokých škôl  |2 SNKPH  |9 70191 
700 1 |a Slávik, Štefan,  |d 1955-  |4 aut  |9 210292 
752 |d Bratislava 
919 |a 80-225-0893-4 
958 |a TL 
958 |a UV 
958 |a NB 
999 |c 871213  |d 873143 
952 |t P60, <03>, [BOOK], {603}  |a SNK  |b SNK  |y PREZ  |7 0  |p 17A0112074  |o snkSB 58025  |i snkKSP 12109/97  |0 0  |1 0  |4 0  |d 1997-12-08  |f 1  |l 0  |r 2025-04-09 00:00:00  |w 2026-02-24 
952 |t P60, <04>, [BOOK], {604}  |a SNK  |b SNK  |y VYP  |7 0  |p 17A0112075  |o snkSB 58025 D1  |i snkKSP 12110/97  |0 0  |1 0  |4 0  |d 1997-12-08  |l 0  |r 2005-01-02 00:00:00  |w 2026-02-24